01125nam a22003138a 450000100060000000300080000600500170001400800410003102000150007203500170008703500360010404000270014004100080016708200190017510000220019424500760021626000520029230000320034449000450037649000530042149000860047450400530056065000160061365000270062970000210065683000340067783000460071183000540075717334BD-RjUL20211209000125.0161221s1993 vaua b 001 0 eng d a8171005349 aMITb10922877 a(OCoLC)42683094a(BD-RjUL)17392 aDLCcDLCdBD-RjULbeng aeng00a658bKAP 1993 aKaur, Kiran Preet10aProfessional management in industrial organizations /cKiran Preet Kaur aNew delhi :bDeep and Deep Publication,cc1993. aix,149 p. :bill. ;c24 cm.1 aJossey-Bass business & management series1 aJossey-Bass social and behavioral science series1 aSociety for Industrial and Organizational Psychology professional practice series aIncludes bibliographical references and indexes. 0amanagement. 0aOrganizational change.1 aKehoe, Jerard F. 0aProfessional practice series. 0aJossey-Bass business & management series. 0aJossey-Bass social and behavioral science series.